El proceso de diálogos de la Habana : (Registro nro. 68216)
[ vista simple ]
| 000 -LÍDER | |
|---|---|
| Campo fijo de descripción fija | 01931nab a2200205 i 4500 |
| 001 - NÚMERO DE CONTROL | |
| Campo de control | 768714001 |
| 003 - IDENTIFICADOR DEL NÚMERO DE CONTROL | |
| Campo de control | CO-MdFUSB |
| 005 - FECHA Y HORA DE LA ULTIMA TRANSACCIÓN | |
| control field | 20260313161147.0 |
| 008 - ELEMENTOS DE LONGITUD FIJA -- INFORMACIÓN GENERAL | |
| Campo fijo de descripción fija -- Información general | 220927s2014 ck ||||| |||| 00| 0 spa d |
| 040 ## - FUENTE DE CATALOGACIÓN | |
| Idioma de catalogación | spa |
| Agencia que realiza la transcripción | CO-MdFUSB |
| Agencia que realiza la modificación | CO-MdFUSB |
| 041 ## - CÓDIGO DE IDIOMA | |
| Código de idioma para texto/pista de sonido o título separado | spa |
| 100 ## - ASIENTO PRINCIPAL--NOMBRE PERSONAL | |
| Nombre personal | Jaramillo Cardona, Rubén Darío, |
| Término relacionador | autor |
| 245 13 - TÍTULO | |
| Título | El proceso de diálogos de la Habana : |
| Subtitulo | de la incertidumbre a la consolidación |
| Mención de responsabilidad | / Rubén Darío Jaramillo Cardona |
| 300 ## - DESCRIPCIÓN FÍSICA | |
| Extensión | Número 7, (2014), páginas 25 - 39 |
| Dimensiones | ; 20 cm |
| 520 ## - NOTA DE RESUMEN, ETC. | |
| Nota de sumario, etc. | Una negociación política de paz entre el principal actor armado ilegal Las FARC y el Estado Colombiano, después de varios fracasos en épocas anteriores y de algunos procesos exitosos como los desarrollas con el M-19 y una fracción del ELN, en la década de los noventa, con cambios sustanciales en la metodología, no han dejado de generar dudas, sentimientos encontrados y hasta voces de rechazo, en un país donde el dolor se instaló hace décadas para cogobernar con el miedo desde la práctica política.<br/>Cualquier negociación política de paz es compleja por la multiplicidad de factores que reúne y por las huellas profundas que en la piel y el corazón de millones de colombianos , ha dejado el conflicto armado interno en 50 años de desarrollo.<br/>Para que el lector comprenda la perspectiva de nuestro articulo pretendemos decirle con las mejores palabras, lo que es una negociación política de paz, algunos avances en los acuerdos de hoy, los desafíos de la justicia tradicional y los derechos de las victimas, desde un enfoque histórico, teniendo presente que o que pasó en la década de los ochenta y noventa con la violencia político-militar, es diferente a lo que el tiempo presente nos demanda. |
| 650 #0 - ASIENTO SECUNDARIO DE MATERIA - TERMINO TEMÁTICO | |
| 9 (RLIN) | 2052 |
| Término temático o nombre geográfico como elemento de entrada | Paz |
| 773 0# - ASIENTO DE ITEM FUENTE | |
| Biblionumber | 68214 |
| Itemnumber | 81330 |
| Otro identificador del ítem | R2116 |
| Título | Abriendo Horizontes |
| Número de control del registro | (CO-MdFUSB)768714001 |
| Número Internacional Normalizado para Publicaciones Seriadas (ISSN) | 23573295 |
| Parte(s) relacionada(s) / Volumen., número. (mes año), páginas | Número 7, (2014), páginas 25 - 39 |
| 942 ## - TIPO DE MATERIAL (KOHA) | |
| Tipo de Item KOHA | Artículos de Revista |
| 945 ## - INFORMACIÓN LOCAL DEL REGISTRO | |
| Catalogador | JTF-925 |
No hay ítems disponibles.
